GLOBALIZATION, culture and the Nigerian built environment

Guardat en:
Dades bibliogràfiques
Format: Llibre
Idioma:anglès
Publicat: : The Faculty of Environmental Design and Management 2005.
Etiquetes: Afegir etiqueta
Sense etiquetes, Sigues el primer a etiquetar aquest registre!

MARC

LEADER 00000nam a22000007a 4500
008 201214b ||||| |||| 00| 0 eng d
020 |a ISBN: 978-066-872-1 
245 |a GLOBALIZATION, culture and the Nigerian built environment  |c edited by Wale Fadare…(et al.  |g . x, 406p 
260 |b : The Faculty of Environmental Design and Management  |c 2005.  |h Ile-Ife  |i 647565 (Vol. II)  |l GE5 .G51  |m Environmental – Culture 
942 |a lcc  |c BK  |e Olagoke.M A  |f 14/12/2020 
952 |0 0  |1 0  |2 lcc  |4 0  |6 GE0005 G51  |7 0  |9 464  |a HOL  |b HOL  |c GJ  |d 2020-12-14  |l 0  |o GE5 .G51  |p 2020-2193  |r 2020-12-14 00:00:00  |w 2020-12-14  |y BK 
999 |c 234  |d 234